Nové priestupky podľa zákona o ochrane nefajčiarov
Nedávne novely zákona č. 377/2004 Z.z. o ochrane nefajčiarov a o zmene a doplnení niektorých zákonov v z. n. p. (ďalej len "zákon o ochrane nefajčiarov") v § 7 ods. 4 stanovili, že osoby mladšie ako 18 rokov nesmú fajčiť tabakové výrobky a výrobky, ktoré sú určené na fajčenie a neobsahujú tabak, a u...
Salvato in:
| Autore principale: | |
|---|---|
| Natura: | Capitolo di libro |
| Lingua: | slovacco |
| Soggetti: | |
| Tags: |
Nessun Tag, puoi essere il primo ad aggiungerne!!
|
MARC
| LEADER | 00000naa a2200000 4500 | ||
|---|---|---|---|
| 001 | 0303343 | ||
| 005 | 20240802094135.6 | ||
| 041 | 0 | |a slo | |
| 044 | |a SK | ||
| 245 | 1 | 0 | |a Nové priestupky podľa zákona o ochrane nefajčiarov |c Helena Spišiaková |
| 520 | |a Nedávne novely zákona č. 377/2004 Z.z. o ochrane nefajčiarov a o zmene a doplnení niektorých zákonov v z. n. p. (ďalej len "zákon o ochrane nefajčiarov") v § 7 ods. 4 stanovili, že osoby mladšie ako 18 rokov nesmú fajčiť tabakové výrobky a výrobky, ktoré sú určené na fajčenie a neobsahujú tabak, a užívať bezdymové tabakové výrobky, nikotínové vrecúška bez obsahu tabaku a elektronické cigarety. | ||
| 610 | 2 | 0 | |a ochrana zdravia |
| 610 | 2 | 0 | |a výrobky tabakové |
| 610 | 2 | 0 | |a tabak |
| 610 | 2 | 0 | |a legislatíva |
| 610 | 2 | 0 | |a ochrana práv občanov |
| 610 | 2 | 0 | |a sankcie |
| 100 | 1 | |a Spišiaková, Helena | |